Energy Companies Obligation Brokerage Mechanism (Record no. 114779)

MARC details
000 -LEADER
fixed length control field 01044cad a22001935a 4500
001 - CONTROL NUMBER
control field L157459
008 - FIXED-LENGTH DATA ELEMENTS--GENERAL INFORMATION
fixed length control field 121212s2012 xxk f 000 0 eng d
035 ## - SYSTEM CONTROL NUMBER
System control number (Sirsi) u157459
041 0# - LANGUAGE CODE
Language code of text/sound track or separate title eng
245 00 - TITLE STATEMENT
Title Energy Companies Obligation Brokerage Mechanism
Remainder of title Consultation document
Medium [electronic resource]
260 ## - PUBLICATION, DISTRIBUTION, ETC.
Place of publication, distribution, etc. London
Name of publisher, distributor, etc. DECC
Date of publication, distribution, etc. 2012
520 ## - SUMMARY, ETC.
Summary, etc. Consultation exercise is designed to inform the government's approach to regulating the Energy Company Obligation (ECO) brokerage service. The brokerage service will operate as a fortnighly auction which will allow delivery agents to sell 'lots' of committments to deliver units of ECO Carbon Saving Obligation, Affordable Warmth and Carbon Saving Communities.
590 ## - LOCAL NOTE (RLIN)
Local note KA
651 #4 - SUBJECT ADDED ENTRY--GEOGRAPHIC NAME
Geographic name United Kingdom
690 ## - LOCAL SUBJECT ADDED ENTRY--TOPICAL TERM (OCLC, RLIN)
Topical term or geographic name as entry element Energy
9 (RLIN) 6237
690 ## - LOCAL SUBJECT ADDED ENTRY--TOPICAL TERM (OCLC, RLIN)
Topical term or geographic name as entry element Sustainability
9 (RLIN) 6271
856 40 - ELECTRONIC LOCATION AND ACCESS
Uniform Resource Identifier <a href="https://www.decc.gov.uk/assets/decc/11/consultation/energy-companies-obligation-brokerage/7236-energy-companies-obligation-brokerage-con.pdf">https://www.decc.gov.uk/assets/decc/11/consultation/energy-companies-obligation-brokerage/7236-energy-companies-obligation-brokerage-con.pdf</a>
Public note View the item free of charge at www.decc.gov.uk
942 ## - ADDED ENTRY ELEMENTS (KOHA)
Suppress in OPAC 0
Holdings
Withdrawn status Lost status Source of classification or shelving scheme Damaged status Not for loan Home library Current library Shelving location Date acquired Total Checkouts Full call number Barcode Date last seen Copy number Price effective from Koha item type
    Dewey Decimal Classification     Virtual Virtual Online 12/12/2012   ONLILNE PUBLICATION 157459-2001 06/08/2019 1 06/08/2019 Book